Statistics for Blackstar - David Bowie

Click here to take the quiz!

General Stats

  • This quiz has been taken 8 times
  • The average score is 6 of 7

Answer Stats

Answer% Correct
Blackstar
100%
Lazarus
100%
Dollar Days
88%
Girl Loves Me
88%
I Can't Give Everything Away
88%
Tis a Pity She Was a Whore
88%
Sue (Or in a Season of Crime)
75%

Score Distribution

Percentile by Number Answered

Percent of People with Each Score

Your Score History

You have not taken this quiz